000 02435nam0a2200445 4500
001 RU\NLR\bibl\1744404
005 20260405141125.0
021 _aRU
_b2011-9989
_9712
035 _a(nilc)LIBNET\0000109616
035 _a2VIL\RUSMED\0000179354
035 _a(NLR Aleph) 001735307
090 _a1425255
_c1425255
100 _a20110217d2010 |||y0rusy50 ca
101 0 _arus
102 _aRU
105 _ay |||||||||
200 1 _aСтресс
_eхроно-медицинские аспекты
_fЛ. Г. Хетагурова
_gУРАН, Ин-т биомед. исслед. ВНЦ РАН и Правительства РСО-Алания, ГОУ ВПО "Северо-Осет. гос. мед. акад. Федер. агентства по здравоохранению и соц. развитию Рос. Федерации"
210 _aВладикавказ
_cПроект-Пресс
_d2010
215 _a191 с.
_cил.
_d22
300 _aНа 1-й с. соавт.: Гатагонова Т. М., Урумова Л. Т., Ботоева Н. К. [и др.]
300 _aНа 4-й с. обл. авт.: Л.Г. Хетагарова, д.м.н., проф., засл. работник ВШ РФ, засл. деятель науки РСО-Алания, засл. работник здравоохранения Север. Осетии
320 _aБиблиогр.: с. 147-168 (248 назв.)
606 1 _aСтресс студентов
_jУчебные издания для высших учебных заведений
_92378529
_3RU\NLR\auth\661419247
606 1 _aДесинхроноз при стрессе
_jУчебные издания для высших учебных заведений
_92581326
_3RU\NLR\auth\661525964
606 1 _aСТРЕСС ПСИХОЛОГИЧЕСКИЙ
_2rus_mesh
_3R13525
606 1 _aSTRESS, PSYCHOLOGICAL
_2rus_mesh
_3E13525
675 _a159.95:616-092.19
_vudc
686 _a76.03.53
_2rugasnti
686 _a15.21.31
_2rugasnti
686 _aF01.145.126.990
_v2011
_2MESH
686 _aF02.830.900
_v2011
_2MESH
686 _aР341.28я73
686 _aР124.61-4я73
700 1 _4070
_8rus
_7ca
_aХетагурова
_bЛ. Г.
_gЛариса Георгиевна
_3RU\NLR\auth\7757246
_940178
801 0 _aRU
_bЦНМБ
_c20110217
_gPSBO
801 1 _aRU
_bЦНМБ
_c20110217
801 2 _aRU
_bЦНМБ
_c20110309
801 2 _aRU
_bNLR
_c20110309
_grcr
942 _cBOOK
980 _aNB